Innovation in forestry : (Record no. 22340)

MARC details
000 -LEADER
fixed length control field 01116cam a2200301 a 4500
001 - CONTROL NUMBER
control field 16452483
003 - CONTROL NUMBER IDENTIFIER
control field OSt
005 - DATE AND TIME OF LATEST TRANSACTION
control field 20211210175236.0
008 - FIXED-LENGTH DATA ELEMENTS--GENERAL INFORMATION
fixed length control field 100909s2011 enka b 001 0 eng
010 ## - LIBRARY OF CONGRESS CONTROL NUMBER
LC control number 2010035486
020 ## - INTERNATIONAL STANDARD BOOK NUMBER
International Standard Book Number 9781845936891 (alk. paper)
020 ## - INTERNATIONAL STANDARD BOOK NUMBER
International Standard Book Number 1845936892 (alk. paper)
035 ## - SYSTEM CONTROL NUMBER
System control number (OCoLC)ocn609538855
040 ## - CATALOGING SOURCE
Original cataloging agency DLC
Transcribing agency HU
Modifying agency YDX
-- BTCTA
-- YDXCP
-- DLC
042 ## - AUTHENTICATION CODE
Authentication code pcc
050 00 - LIBRARY OF CONGRESS CALL NUMBER
Classification number SD387.I57
Item number I56 2011
082 00 - DEWEY DECIMAL CLASSIFICATION NUMBER
Classification number 333.75 INN 2011
Edition number 22
245 00 - TITLE STATEMENT
Title Innovation in forestry :
Remainder of title territorial and value chain relationships /
Statement of responsibility, etc. edited by Gerhard Weiss ... [et al.].
260 ## - PUBLICATION, DISTRIBUTION, ETC.
Place of publication, distribution, etc. Walingford, Oxfordshire ;
-- Cambridge, MA :
Name of publisher, distributor, etc. CABI/COST,
Date of publication, distribution, etc. c2011.
300 ## - PHYSICAL DESCRIPTION
Extent ix, 331 p. :
Other physical details ill. ;
Dimensions 26 cm.
504 ## - BIBLIOGRAPHY, ETC. NOTE
Bibliography, etc. note Includes bibliographical references and index.
650 #0 - SUBJECT ADDED ENTRY--TOPICAL TERM
Topical term or geographic name entry element Forestry innovations.
9 (RLIN) 22730
650 #0 - SUBJECT ADDED ENTRY--TOPICAL TERM
Topical term or geographic name entry element Forests and forestry
General subdivision Economic aspects.
9 (RLIN) 9965
700 1# - ADDED ENTRY--PERSONAL NAME
Personal name Weiss, Gerhard,
Dates associated with a name 1966-
9 (RLIN) 22731
906 ## - LOCAL DATA ELEMENT F, LDF (RLIN)
a 7
b cbc
c orignew
d 1
e ecip
f 20
g y-gencatlg
942 ## - ADDED ENTRY ELEMENTS (KOHA)
Source of classification or shelving scheme Dewey Decimal Classification
Koha item type Books like text book referance book
Suppress in OPAC No
Holdings
Withdrawn status Lost status Source of classification or shelving scheme Damaged status Not for loan Collection code Home library Current library Shelving location Date acquired Total Checkouts Full call number Barcode Date last seen Copy number Price effective from Koha item type
    Dewey Decimal Classification     Reference Wondo Genet Library Wondo Genet Library General Stacks 12/10/2021   333.75 INN 2011 WGCFNRL00007551 12/10/2021 1 12/10/2021 Books like text book referance book